00406nam a2200157Ia 4500003000400000008004100004040001600045082001300061100002100074245004100095260004200136300000900178490002400187650001500211650002200226GCL140319s9999 xx 000 0 eng d aGCL / cGCL04a843bC F1 aCHRISTIE, AGATHA10aFEUX D'ARTIFICE / cCHRISTIE, AGATHA a[S.N] : bLE LIVRE DE POCHE ، c1995 a91 P aCOLLECTION FOLIOv004aLITERATURE04aFRENCH LITERATURE